Mastering your language

Αποθηκεύτηκε σε:
Λεπτομέρειες βιβλιογραφικής εγγραφής
Κύριος συγγραφέας: Paul McKee
Μορφή: Βιβλίο
Γλώσσα:Undetermined
Έκδοση: Boston Houghton Mifflin 1956
Θέματα:
Ετικέτες: Προσθήκη ετικέτας
Δεν υπάρχουν, Καταχωρήστε ετικέτα πρώτοι!
Thư viện lưu trữ: Trung tâm Học liệu Trường Đại học Cần Thơ
LEADER 00456nam a2200181Ia 4500
001 CTU_812
008 210402s9999 xx 000 0 und d
082 |a 428 
082 |b M423 
100 |a Paul McKee 
245 0 |a Mastering your language 
245 0 |c Paul McKee 
260 |a Boston 
260 |b Houghton Mifflin 
260 |c 1956 
650 |a english language 
904 |i Minh, 960807 
980 |a Trung tâm Học liệu Trường Đại học Cần Thơ